| 000 | 02317nam a2200265 i 4500 | ||
|---|---|---|---|
| 003 | DO-SdBNP | ||
| 005 | 20240710135811.0 | ||
| 007 | ta | ||
| 008 | 240710b2018 xxu 00| 0 spa d | ||
| 020 | _a9781250158062 | ||
| 040 |
_aDO-SdBNP _bspa _cBNPHU _erda |
||
| 082 | 4 |
_222 _bW855 |
|
| 100 | 1 |
_aWolff, Michael _910906 _eautor |
|
| 245 | 1 | 0 |
_aFire and fury : _binside the Trump white house / _cMichael Wolff |
| 264 |
_aNew York, Estados Unidos : _bHenry Holt and company, _c2018. |
||
| 300 |
_a321 páginas : _c21 cm. |
||
| 336 |
_2rdacontent _atexto _btxt |
||
| 337 |
_2rdamedia _asin mediación _bnc |
||
| 338 |
_2rdacarrier _avolumen _bnc |
||
| 500 | _aIncluye índice. | ||
| 520 | _aCon acceso extraordinario al ala oeste, Michael Wolff revela lo que sucedió detrás de escena en los primeros nueve meses de la presidencia más controvertida de nuestro tiempo en Fuego y Furia: Dentro de la Casa Blanca de Trump. Desde que Donald Trump prestó juramento como el 45º presidente de los Estados Unidos, el país –y el mundo– ha sido testigo de un mandato presidencial tormentoso, escandaloso y absolutamente fascinante que refleja la volatilidad y la ferocidad del hombre elegido Comandante en Jefe. Este fascinante y explosivo relato de la administración de Trump proporciona una gran cantidad de nuevos detalles sobre el caos en la Oficina Oval, que incluyen: -- Lo que el personal del presidente Trump realmente piensa de él -- ¿Qué inspiró a Trump a afirmar que el presidente Obama había intervenido sus teléfonos? -- Por qué el director del FBI, James Comey, fue realmente despedido -- Por qué el estratega jefe Steve Bannon y el yerno de Trump, Jared Kushner, no podían estar en la misma habitación -- ¿Quién dirige realmente la estrategia de la administración Trump tras el despido de Bannon? -- Cuál es el secreto para comunicarse con Trump -- Lo que la administración Trump tiene en común con la película The Producers Nunca antes en la historia una presidencia había dividido tanto al pueblo estadounidense. Brillantemente reportado y sorprendentemente fresco, Fuego y furia nos muestra cómo y por qué Donald Trump se ha convertido en el rey de la discordia y la desunión. | ||
| 590 | _aInventariado, 2024/ YL | ||
| 910 | _aYlockward | ||
| 942 |
_2ddc _cLBS1 |
||
| 999 |
_c57243 _d57243 |
||